00385nam a2200133Ia 4500008004100000041001200041082001100053100004500064100001300109245008000122260001900202260000900221650002100230150909s9999 xx 000 0 und d aEnglish bREP/15 aMinistry of agriculture and Irrigation  eCompiler aReport of national commission on agriculture 1976: Part XV Agrarian reforms bGovt. of India c1976 aAgrarian reforms